A complicated kindness: a novel
Saved in:
| Hovedforfatter: | |
|---|---|
| Format: | Bog |
| Sprog: | engelsk |
| Udgivet: |
Toronto
Vintage Canada
2004
|
| Udgivelse: | 1a. ed |
| Serier: | Rincón Canadá
|
| Fag: | |
| Tags: |
Tilføj Tag
Ingen Tags, Vær først til at tagge denne postø!
|
MARC
| LEADER | 00000cam a2200000 a 4500 | ||
|---|---|---|---|
| 001 | UCE3657 | ||
| 003 | CL-VaPUC | ||
| 008 | 140911e20040000cn |||||||||||||||||eng|d | ||
| 020 | |a 9780676978568 | ||
| 082 | 0 | 4 | |a C813 |b TOE |2 21 |
| 100 | 0 | |a Toews, Miriam |e author |9 576116 | |
| 245 | 1 | 2 | |a A complicated kindness: a novel |
| 250 | |a 1a. ed | ||
| 300 | |a 246 p | ||
| 942 | |c BK | ||
| 945 | |d 20140911 14:25:00 |a arojas | ||
| 260 | |a Toronto |b Vintage Canada |c 2004 | ||
| 650 | 0 | |a Novelas canadienses |9 261026 | |
| 650 | 0 | |a Ficción narrativa |9 387672 | |
| 650 | 0 | |a Literatura canadiense |9 342826 | |
| 583 | |a last modification |c 20140911 14:25:00 |k Rodrigo Vera | ||
| 490 | 0 | |a Rincón Canadá | |
| 999 | |c 356844 |d 356842 | ||
| 952 | |0 0 |1 0 |3 erb |4 0 |6 C_813_000000000000000_TOE_2004 |7 0 |8 A |9 464601 |a BIBEDU |b BIBEDU |i 5114063 |o C813 TOE 2004 |p 5114063 |r 2019-11-23 |w 2019-11-23 |y BK |z Catalogado en:20140911 |k LIT | ||